00664nam a2200241 a 4500001001300000003000900013005001700022008004100039020001000080082002000090100001500110245002800125260003500153300000900188500003500197505001000232650001900242700001500261902000800276942000700284952011600291999001500407nice12345678IN_TiNIC20260116011917.0050524s1977 newa grp 000 0 eng  ac9.500a305.480297bRAM aRam, Malik aAwrat Awr Islami Taleem aNew DelhibMaktaba Jamiac1977 a206p aincludes index and biblioraphy2 aIndex aWomen in Islam1 aRam, Malik bSRS cBK 001040708StackRoom-aHMIbHMId2007-03-26g9.50l0o305.480297 RAMp08852r2007-03-26v9.50w2005-05-24yBK c4880d4880